Quantum Mechanics (Record no. 3817)

MARC details
000 -LEADER
fixed length control field 00513nam a22002057a 4500
003 - CONTROL NUMBER IDENTIFIER
control field OSt
005 - DATE AND TIME OF LATEST TRANSACTION
control field 20240529171343.0
008 - FIXED-LENGTH DATA ELEMENTS--GENERAL INFORMATION
fixed length control field 160427b xxu||||| |||| 00| 0 eng d
020 ## - INTERNATIONAL STANDARD BOOK NUMBER
International Standard Book Number 0070856435
040 ## - CATALOGING SOURCE
Transcribing agency 040a
082 ## - DEWEY DECIMAL CLASSIFICATION NUMBER
Classification number 531 SCH 1968
100 ## - MAIN ENTRY--PERSONAL NAME
Personal name Schiff, Leonard I
9 (RLIN) 8384
245 ## - TITLE STATEMENT
Title Quantum Mechanics
250 ## - EDITION STATEMENT
Edition statement 3rd.ed
260 ## - PUBLICATION, DISTRIBUTION, ETC. (IMPRINT)
Place of publication, distribution, etc. Auckland;
Name of publisher, distributor, etc. McGraw-Hill,
Date of publication, distribution, etc. 1968
300 ## - PHYSICAL DESCRIPTION
Extent xviii, 544p;
Other physical details ill :
Dimensions 12 cm
504 ## - BIBLIOGRAPHY, ETC. NOTE
Bibliography, etc Includes index
650 ## - SUBJECT ADDED ENTRY--TOPICAL TERM
Topical term or geographic name as entry element Quantum mechanics
9 (RLIN) 4185
942 ## - ADDED ENTRY ELEMENTS (KOHA)
Source of classification or shelving scheme Dewey Decimal Classification
Koha item type Short Loan
Holdings
Withdrawn status Lost status Source of classification or shelving scheme Damaged status Not for loan Home library Current library Date acquired Source of acquisition Inventory number Total Checkouts Full call number Barcode Date last seen Koha item type
    Dewey Decimal Classification     MUST Main Library MUST Main Library 27/04/2016 Purchase 01/15796   531 SCH 1968 2016-1489 27/04/2016 Open Shelf
    Dewey Decimal Classification     MUST Main Library MUST Main Library 27/04/2016 Purchase 01/15797   531 SCH 1968 2016-1490 27/04/2016 Open Shelf